| 000 | 00711nam a22002057a 4500 | ||
|---|---|---|---|
| 003 | OSt | ||
| 005 | 20140310181757.0 | ||
| 008 | 130701t xxu||||| |||| 00| 0 eng d | ||
| 050 |
_aKPM 1475 _b.Ea12 2002 |
||
| 082 |
_2FIL 362.709599 _bEa7 2002 |
||
| 110 | _aCouncil for the Welfare of Children. | ||
| 245 |
_aThe Early Childhood Care and Development Act (Republic Act No. 8980) and the Implementing Rules and regulations / _cCouncil for the Welfare of Children. |
||
| 260 |
_aManila, Philippines : _bUNICEF Manila, _c2002. |
||
| 300 |
_a70 p. ; _c22 cm. |
||
| 562 | _e1 | ||
| 650 |
_aChild welfare _xPhilippines |
||
| 650 |
_aChildren _xGovernment policy _xPhilippines |
||
| 942 |
_2lcc _cBK |
||
| 999 |
_c3479 _d3479 |
||